<?xml version="1.0" encoding="UTF-8"?><?xml-stylesheet type="text/xsl" href="static/style.xsl"?><OAI-PMH xmlns="http://www.openarchives.org/OAI/2.0/" xmlns:xsi="http://www.w3.org/2001/XMLSchema-instance" xsi:schemaLocation="http://www.openarchives.org/OAI/2.0/ http://www.openarchives.org/OAI/2.0/OAI-PMH.xsd"><responseDate>2026-04-18T00:24:57Z</responseDate><request verb="GetRecord" identifier="oai:www.recercat.cat:2445/107470" metadataPrefix="marc">https://recercat.cat/oai/request</request><GetRecord><record><header><identifier>oai:recercat.cat:2445/107470</identifier><datestamp>2025-12-05T10:29:59Z</datestamp><setSpec>com_2072_1057</setSpec><setSpec>col_2072_478770</setSpec><setSpec>col_2072_478917</setSpec></header><metadata><record xmlns="http://www.loc.gov/MARC21/slim" xmlns:dcterms="http://purl.org/dc/terms/" xmlns:xsi="http://www.w3.org/2001/XMLSchema-instance" xmlns:doc="http://www.lyncode.com/xoai" xsi:schemaLocation="http://www.loc.gov/MARC21/slim http://www.loc.gov/standards/marcxml/schema/MARC21slim.xsd">
   <leader>00925njm 22002777a 4500</leader>
   <datafield ind2=" " ind1=" " tag="042">
      <subfield code="a">dc</subfield>
   </datafield>
   <datafield ind2=" " ind1=" " tag="720">
      <subfield code="a">Izard, Miquel, 1934-</subfield>
      <subfield code="e">author</subfield>
   </datafield>
   <datafield ind2=" " ind1=" " tag="260">
      <subfield code="c">2017-02-27T14:11:34Z</subfield>
   </datafield>
   <datafield ind2=" " ind1=" " tag="260">
      <subfield code="c">2017-02-27T14:11:34Z</subfield>
   </datafield>
   <datafield ind2=" " ind1=" " tag="260">
      <subfield code="c">1990</subfield>
   </datafield>
   <datafield ind2=" " ind1=" " tag="260">
      <subfield code="c">2017-02-27T14:11:34Z</subfield>
   </datafield>
   <datafield ind2=" " ind1=" " tag="520">
      <subfield code="a">Desde hace años, tantos como me intereso por el ámbito latinoamericano, cada vez me maravilla más el impresionante divorcio entre realidad y producción académica: osaría decir que un porcentaje muy considerable de las publicaciones presentadas como históricas no tienen absolutamente nada que ver con lo ocurrido. Podría mencionar, pongo por caso, la mayoría de ensayos latinoamericanos sobre el período de la independencia o buena parte de la obra de los americanistas metropolitanos, en este segundo caso el abismo crece a medida que se acerca el 92. Con una perseverancia digna de mejor causa siguen defendiendo la invasión y la conquista valiéndose para ello de los mismos panfletos que se perpetraron, precisamente, para escamotear el genocidio y el sadismo del laboratorio en que los occidentales convirtieron las Indias. También me maravilla, al contrario, el realismo y la sutileza de muchas obras de creación; ni presentándose como ensayos descriptivos ni pretendiendo, en absoluto, serlo, dan cantidad considerable de información sobre el nuevo continente, o son capaces de, con unas cuantas pinceladas, proyectar una rápida imagen de una realidad y un mundo, mágicos, difíciles de captar.</subfield>
   </datafield>
   <datafield tag="653" ind2=" " ind1=" ">
      <subfield code="a">Història</subfield>
   </datafield>
   <datafield tag="653" ind2=" " ind1=" ">
      <subfield code="a">Vaquers</subfield>
   </datafield>
   <datafield tag="653" ind2=" " ind1=" ">
      <subfield code="a">Amèrica Llatina</subfield>
   </datafield>
   <datafield tag="653" ind2=" " ind1=" ">
      <subfield code="a">History</subfield>
   </datafield>
   <datafield tag="653" ind2=" " ind1=" ">
      <subfield code="a">Cowboys</subfield>
   </datafield>
   <datafield tag="653" ind2=" " ind1=" ">
      <subfield code="a">Latin America</subfield>
   </datafield>
   <datafield ind2="0" ind1="0" tag="245">
      <subfield code="a">Los de a caballo</subfield>
   </datafield>
</record></metadata></record></GetRecord></OAI-PMH>